| 000 | 01032nam a2200289 i 4500 | ||
|---|---|---|---|
| 001 | 169256 | ||
| 003 | ES-MaACL | ||
| 005 | 20250801043716.0 | ||
| 008 | 080826s2007 sp |||| | spa d | ||
| 020 | _a9788497402354 | ||
| 080 | _a929 Champourcin, Ernestina de | ||
| 080 | _a929 Conde, Carmen | ||
| 100 | 1 |
_aChampourcin, Ernestina de, _d1905-1999 _937933 |
|
| 245 | 1 | 0 |
_aEpistolario (1927-1995) / _cErnestina de Champourcin, Carmen Conde ; edición de Rosa Fernández Urtasun. |
| 260 |
_aMadrid : _bCastalia, _c2007. |
||
| 300 |
_a411 p. ; _c24 cm. |
||
| 490 | 1 |
_aLiteratura y sociedad ; _v81 |
|
| 504 | _aBibliografía. | ||
| 600 | 1 | 7 |
_aChampourcin, Ernestina de, _d1905-1999- _vCorrespondencia _2 _9138340 |
| 600 | 1 | 7 |
_aConde, Carmen, _d1907-1996- _xCorrespondencia _9138341 |
| 700 | 1 |
_aConde, Carmen, _d1907-1996 _940088 |
|
| 700 | 1 |
_aFernández Urtasun, Rosa. _9137540 |
|
| 830 | 1 |
_aLiteratura y sociedad (Madrid) ; _v81 _9179352 |
|
| 852 | 4 |
_aES-MaACL _jL-29730 |
|
| 942 | _2udc | ||
| 999 |
_c169256 _d169256 |
||